| 000 | 00794cam a2200241 4500 | ||
|---|---|---|---|
| 001 | WS119283 | ||
| 008 | 020809n 000 0 eng u | ||
| 035 | _a(Sirsi) u119283 | ||
| 110 |
_aRoyal Courts of Justice _94330 |
||
| 245 | _aDaily Law Notes | ||
| 520 | _aWeb site for this service from the Royal Courts of Justice summarising cases before they appear in the main law reports. | ||
| 650 | _aLAW REPORTS | ||
| 650 | _aROYAL COURTS OF JUSTICE | ||
| 650 | _aHOUSE OF LORDS | ||
| 650 | _aPRIVY COUNCIL | ||
| 650 | _aCOURT OF APPEAL | ||
| 650 | _aCHANCERY DIVISION | ||
| 650 | _aQUEEN`S BENCH DIVISION | ||
| 650 | _aEUROPEAN COURT OF JUSTICE | ||
| 690 | _aLAW | ||
| 856 | 4 | 0 |
_uhttps://www.lawreports.co.uk _zView ther website free of charge at www.lawreports.co.uk... |
| 942 | _n0 | ||
| 999 |
_c120165 _d120165 |
||